Personnalités françaises de A à Z - Statistiques

Statistiques générales
  • Ce quiz a été pris 1 354 fois
  • Le résultat moyen est 17 sur 24
Statistiques - réponses
Lettre Indices Personnalités Françaises % Correct
- E - Cuisinier - "Top Chef" - "Cauchemar en Cuisine" Philippe Etchebest
95%
- I - Chanteuse - Milliard de vue - "Dernière Danse" Indila
91%
- Z - Footballeur - Coupe du Monde Zinedine Zidane
90%
- B - Footballeur - Ballon d'Or 2022 Karim Benzema
89%
- C - Physicienne - Chimiste - Prix Nobel Marie Curie
89%
- S - Acteur - César - "Intouchables" Omar Sy
89%
- R - Judoka - Médaille d'or - Jeux Olympiques Teddy Riner
85%
- N - Tennis - Chanteur - Roland-Garros Yannick Noah
84%
- F - Chanteuse - "Sans Contrefaçon" - Rousse Mylène Farmer
81%
- A - Milliardaire - Groupe LVMH Bernard Arnault
80%
- V - Juive - Déportation - Politique Simone Veil
77%
- M - Professeure de français - Politique - Élysée Brigitte Macron
75%
- D - Acteur - Oscar - "The Artist" Jean Dujardin
75%
- Y - Humoriste - Fatal Bazooka Michaël Youn
75%
- P - Chanteuse - Johnny Depp - Taxi Vanessa Paradis
75%
- T - Homme d'affaires - Politique - OM Bernard Tapie
69%
- K - Handballeur - Champion du Monde Nikola Karabatic
66%
- O - Pilote de Formule 1 - Alpine Esteban Ocon
55%
- W - Basketteur - San Antonio Spurs Victor Wembanyama
54%
- H - Créateur de contenu - YouTube - "GP Explorer" Lucas Hauchard (Squeezie)
50%
- J - Politique - Premier Ministre - Parti Socialiste Lionel Jospin
49%
- G - Miss France 2023 - Cheveux courts Eve Gilles
48%
- L - Journaliste - Investigation - France 2 / 3 Élise Lucet
47%
- Q - Politique - LFI - Main Courante Adrien Quatennens
35%
Aucun quiz correspondant
Distribution des résultats
% des personnes avec chaque résultat
Percentile par nombre de réponses
Votre historique - résultats
Vous n’avez pas pris ce quiz